[Event "Titled Tuesday intern op 12th Sep Early"]
[Site "Chess.com INT"]
[Date "2023.09.12"]
[Round "7"]
[White "Campbell, Charles"]
[Black "Malyi, Viacheslav"]
[Result "1/2-1/2"]
[WhiteElo "2179"]
[BlackElo "2391"]
[PlyCount "117"]
[EventDate "2023.09.12"]
[EventType "swiss (blitz)"]
[EventRounds "11"]
[EventCountry "USA"]
[SourceTitle "EXT 2024"]
[Source "ChessBase"]
[SourceDate "2023.10.10"]
[SourceVersion "1"]
[SourceVersionDate "2023.10.10"]
[SourceQuality "1"]

1. d4 Nf6 2. Nf3 g6 3. c4 Bg7 4. Nc3 0-0 5. g3 d6 6. Bg2 c6 7. 0-0 Qa5 8. h3 Qa6 9. Qb3 Bf5 10. Nh4 Be6 11. d5 cxd5 12. cxd5 Bc8 13. e4 Nbd7 14. Be3 Nc5 15. Qc2 Bd7 16. b4 Na4 17. Nxa4 Bxa4 18. Qd2 Rfc8 19. Rac1 h5 20. Rfe1 Nd7 21. f4 Nb6 22. Bf1 Bb5 23. Bxb5 Qxb5 24. Bd4 Nc4 25. Qd3 Qxb4 26. Bxg7 Kxg7 27. Qd4+ Kh7 28. f5 Qc5 29. fxg6+ fxg6 30. Qxc5 Rxc5 31. e5 dxe5 32. Rxe5 Nxe5 33. Rxc5 Rd8 34. Rc7 Rd7 35. Rxd7 Nxd7 36. Ng2 Kg7 37. Kf2 Kf6 38. Ne3 Ke5 39. Kf3 Nb6 40. g4 Nxd5 41. gxh5 gxh5 42. Nc4+ Kd4 43. Na5 b5 44. Nc6+ Kc3 45. Nxa7 b4 46. Nc6 Kb2 47. Ke4 Nc3+ 48. Kd4 Nxa2 49. Nxe7 Kc2 50. Nf5 b3 51. Ne3+ Kc1 52. Nc4 Nb4 53. Kc3 Nd5+ 54. Kxb3 Nf4 55. h4 Ng2 56. Ne5 Nxh4 57. Nd3+ Kd2 58. Nf4 Nf3 59. Nxh5 1/2-1/2

[Event "Titled Tuesday intern op 12th Sep Early"]
[Site "Chess.com INT"]
[Date "2023.09.12"]
[Round "9"]
[White "Majella, Yoseph Rudijanto"]
[Black "Campbell, Charles"]
[Result "1-0"]
[WhiteElo "2130"]
[BlackElo "2179"]
[PlyCount "123"]
[EventDate "2023.09.12"]
[EventType "swiss (blitz)"]
[EventRounds "11"]
[EventCountry "USA"]
[SourceTitle "EXT 2024"]
[Source "ChessBase"]
[SourceDate "2023.10.10"]
[SourceVersion "1"]
[SourceVersionDate "2023.10.10"]
[SourceQuality "1"]

1. e4 c6 2. d4 d5 3. Nc3 dxe4 4. Nxe4 Bf5 5. Ng3 Bg6 6. Nf3 Nd7 7. Bd3 e6 8. 0-0 Ngf6 9. Re1 Bd6 10. c4 0-0 11. b3 Qc7 12. Bxg6 hxg6 13. Bb2 c5 14. Qe2 cxd4 15. Nxd4 a6 16. Red1 Rfe8 17. Rac1 Rac8 18. a3 Qb8 19. b4 Bf4 20. Rc2 Red8 21. Nf1 e5 22. Nb3 Re8 23. g3 Bh6 24. Ne3 e4 25. Ng4 Nxg4 26. Rxd7 Nf6 27. Bxf6 gxf6 28. Nc5 b6 29. Nb3 f5 30. c5 bxc5 31. Qc4 Rf8 32. Nxc5 Qb5 33. Qxb5 axb5 34. Kf1 Rfd8 35. Rxd8+ Rxd8 36. Ke2 Rd3 37. Nxd3 exd3+ 38. Kxd3 Kf8 39. Rc5 Ke8 40. Rxb5 Kd7 41. a4 Bf8 42. a5 Bd6 43. a6 Kc7 44. a7 Kc6 45. Rb8 Bxb8 46. axb8Q Kd5 47. b5 Ke6 48. f4 f6 49. Kd4 g5 50. fxg5 fxg5 51. b6 f4 52. b7 f3 53. Qc8+ Kf6 54. b8Q f2 55. Qe5+ Kg6 56. Qg8+ Kh5 57. g4+ Kxg4 58. Qg3+ Kf5 59. Q8xg5+ Ke6 60. Q3e5+ Kd7 61. Qge7+ Kc8 62. Q5c7# 1-0

[Event "Titled Tuesday intern op 12th Sep Early"]
[Site "Chess.com INT"]
[Date "2023.09.12"]
[Round "8"]
[White "Manukian, Artak"]
[Black "Campbell, Charles"]
[Result "1-0"]
[WhiteElo "2196"]
[BlackElo "2179"]
[PlyCount "101"]
[EventDate "2023.09.12"]
[EventType "swiss (blitz)"]
[EventRounds "11"]
[EventCountry "USA"]
[SourceTitle "EXT 2024"]
[Source "ChessBase"]
[SourceDate "2023.10.10"]
[SourceVersion "1"]
[SourceVersionDate "2023.10.10"]
[SourceQuality "1"]

1. e4 c6 2. d4 d5 3. e5 Bf5 4. c4 e6 5. Nc3 dxc4 6. Bxc4 Nd7 7. Nf3 Nb6 8. Bb3 h5 9. 0-0 h4 10. Bg5 Be7 11. Bxe7 Nxe7 12. h3 Ng6 13. Qd2 a5 14. a3 a4 15. Ba2 0-0 16. Rad1 Qe7 17. Qe3 Rfd8 18. Ne4 Nd5 19. Qe1 Ndf4 20. Nd6 Bd3 21. Kh2 Bxf1 22. Qxf1 Rxd6 23. exd6 Qxd6 24. Kh1 Rd8 25. Bb1 Qe7 26. Qc4 Qf6 27. Qxa4 Nxh3 28. Qc2 Nhf4 29. Qe4 Rd5 30. a4 c5 31. Qe3 cxd4 32. Rxd4 Rxd4 33. Nxd4 Qg5 34. Be4 f5 35. Bxb7 e5 36. Ne2 e4 37. Nxf4 Nxf4 38. Bxe4 fxe4 39. Qxe4 g6 40. a5 Qg4 41. Kh2 g5 42. a6 Qc8 43. a7 Qc7 44. a8Q+ Kg7 45. Qab7 Qxb7 46. Qxb7+ Kg6 47. Qe4+ Kh5 48. f3 Kh6 49. b4 Ng6 50. b5 Nf4 51. b6 1-0

[Event "Titled Tuesday intern op 12th Sep Early"]
[Site "Chess.com INT"]
[Date "2023.09.12"]
[Round "2"]
[White "Nagare, Kaivalya Sandip"]
[Black "Campbell, Charles"]
[Result "1/2-1/2"]
[WhiteElo "2095"]
[BlackElo "2179"]
[PlyCount "136"]
[EventDate "2023.09.12"]
[EventType "swiss (blitz)"]
[EventRounds "11"]
[EventCountry "USA"]
[SourceTitle "EXT 2024"]
[Source "ChessBase"]
[SourceDate "2023.10.10"]
[SourceVersion "1"]
[SourceVersionDate "2023.10.10"]
[SourceQuality "1"]

1. e4 c6 2. d4 d5 3. e5 Bf5 4. h4 h5 5. c4 dxc4 6. Bxc4 e6 7. Nc3 Nd7 8. Bg5 Be7 9. Nf3 Nb6 10. Bd3 Bxd3 11. Qxd3 Nh6 12. Ne4 Nf5 13. 0-0 0-0 14. Ng3 Nxh4 15. Bxh4 Bxh4 16. Nxh5 Nd5 17. Qe4 Be7 18. g3 g6 19. Nf4 Kg7 20. Kg2 Nxf4+ 21. Qxf4 Qd5 22. Rh1 Rh8 23. b3 Rad8 24. g4 g5 25. Qe3 f5 26. exf6+ Bxf6 27. Rxh8 Rxh8 28. Re1 Rh4 29. Qe4 Rh8 30. Qxe6 Rd8 31. Qxd5 Rxd5 32. Re4 c5 33. dxc5 Rxc5 34. Ra4 a6 35. Rc4 Rxc4 36. bxc4 Kf7 37. Kf1 Ke6 38. Ke2 Kd6 39. Kd3 Kc5 40. Nd2 Be7 41. Kc3 Bf6+ 42. Kd3 Be7 43. a3 Kc6 44. a4 Kc5 45. Kc3 Bf6+ 46. Kb3 Kd4 47. Nb1 Kd3 48. a5 Bd4 49. f3 Ke3 50. Nc3 Bxc3 51. Kxc3 Kxf3 52. Kd4 Kxg4 53. Kc5 Kf5 54. Kb6 g4 55. Kxb7 g3 56. c5 g2 57. c6 g1Q 58. c7 Qg2+ 59. Kb8 Qb2+ 60. Ka8 Qc3 61. Kb8 Qb4+ 62. Ka8 Qc5 63. Kb8 Qd6 64. Ka8 Qd7 65. Kb8 Qb5+ 66. Ka8 Qc6+ 67. Kb8 Qd6 68. Ka8 Qxc7 1/2-1/2

[Event "Titled Tuesday intern op 10th Jan Early"]
[Site "Chess.com INT"]
[Date "2023.01.10"]
[Round "7"]
[White "Campbell, Charles"]
[Black "Goltseva, Ekaterina"]
[Result "0-1"]
[WhiteElo "2179"]
[BlackElo "2280"]
[PlyCount "102"]
[EventDate "2023.01.10"]
[EventType "swiss (blitz)"]
[EventRounds "11"]
[EventCountry "USA"]
[SourceTitle "EXT 2024"]
[Source "ChessBase"]
[SourceDate "2023.10.10"]
[SourceVersion "1"]
[SourceVersionDate "2023.10.10"]
[SourceQuality "1"]

1. d4 d5 2. Nf3 Nf6 3. c4 dxc4 4. e3 Bg4 5. Bxc4 e6 6. 0-0 a6 7. a4 Nc6 8. Nc3 Bd6 9. Be2 0-0 10. h3 Bh5 11. Ne1 Bxe2 12. Qxe2 e5 13. d5 Nb4 14. e4 c6 15. dxc6 Nxc6 16. Be3 h6 17. Nf3 Qe7 18. Rfd1 Bc5 19. Nd5 Nxd5 20. Rxd5 Bxe3 21. Qxe3 Rfd8 22. Rad1 Qb4 23. Rxd8+ Rxd8 24. Rxd8+ Nxd8 25. Nxe5 Qxb2 26. Qd3 Qa1+ 27. Kh2 Qxe5+ 28. g3 Nc6 29. Qd7 Qe7 30. Qc8+ Kh7 31. Qf5+ g6 32. Qd5 Qe6 33. Qd3 Ne5 34. Qe2 Qc4 35. Qe3 Qxa4 36. Qf4 Qd4 37. Kg2 Kg7 38. h4 h5 39. f3 Nd3 40. Qd2 b5 41. Kh2 b4 42. Qc2 Qb2 43. Qxb2+ Nxb2 44. f4 Nd3 45. e5 b3 46. Kg2 b2 47. Kf3 b1Q 48. Ke3 a5 49. Kd4 a4 50. Kd5 a3 51. Kd6 a2 0-1

[Event "Titled Tuesday intern op 10th Jan Early"]
[Site "Chess.com INT"]
[Date "2023.01.10"]
[Round "9"]
[White "Campbell, Charles"]
[Black "Mkrtchian, Lilit"]
[Result "1-0"]
[WhiteElo "2179"]
[BlackElo "2379"]
[PlyCount "99"]
[EventDate "2023.01.10"]
[EventType "swiss (blitz)"]
[EventRounds "11"]
[EventCountry "USA"]
[SourceTitle "EXT 2024"]
[Source "ChessBase"]
[SourceDate "2023.10.10"]
[SourceVersion "1"]
[SourceVersionDate "2023.10.10"]
[SourceQuality "1"]

1. d4 Nf6 2. Nf3 d5 3. c4 e6 4. Bg5 Be7 5. Nc3 h6 6. Bxf6 Bxf6 7. e3 c6 8. Bd3 Nd7 9. 0-0 0-0 10. a3 dxc4 11. Bxc4 e5 12. Be2 exd4 13. Nxd4 Nc5 14. Rc1 Ne6 15. Nxe6 Bxe6 16. Qc2 Qe7 17. Rfd1 Rad8 18. Na4 Be5 19. Nc5 Bc8 20. g3 Qf6 21. b4 Rxd1+ 22. Rxd1 Rd8 23. f4 Bc7 24. Rxd8+ Qxd8 25. Qd3 Qxd3 26. Bxd3 Kf8 27. Kf2 Ke7 28. e4 b6 29. Nb3 f6 30. Ke3 Bd6 31. Kd4 Be6 32. Bc4 Bg4 33. Kd3 Bh3 34. Kd4 Bd7 35. Kc3 Bc8 36. a4 g5 37. fxg5 hxg5 38. a5 Be5+ 39. Kd3 Bh3 40. axb6 axb6 41. Nd4 Bf1+ 42. Kc3 c5 43. Bxf1 Bxd4+ 44. Kc4 Kd6 45. bxc5+ Bxc5 46. h4 Bf2 47. hxg5 fxg5 48. g4 Ke5 49. Kd3 Kf4 50. Be2 1-0

[Event "Titled Tuesday intern op 10th Jan Early"]
[Site "Chess.com INT"]
[Date "2023.01.10"]
[Round "5"]
[White "Papayan, Oleg"]
[Black "Campbell, Charles"]
[Result "0-1"]
[WhiteElo "2253"]
[BlackElo "2179"]
[PlyCount "78"]
[EventDate "2023.01.10"]
[EventType "swiss (blitz)"]
[EventRounds "11"]
[EventCountry "USA"]
[SourceTitle "EXT 2024"]
[Source "ChessBase"]
[SourceDate "2023.10.10"]
[SourceVersion "1"]
[SourceVersionDate "2023.10.10"]
[SourceQuality "1"]

1. d4 Nf6 2. Nf3 e6 3. Bf4 b6 4. h3 Bb7 5. e3 d5 6. Bd3 Bd6 7. 0-0 0-0 8. Nbd2 Nbd7 9. c3 Ne4 10. Qc2 f5 11. Ne5 Nxe5 12. dxe5 Be7 13. f3 Nxd2 14. Qxd2 c5 15. Rad1 Bg5 16. Bxg5 Qxg5 17. e4 Qxd2 18. Rxd2 fxe4 19. fxe4 dxe4 20. Bc4 Rxf1+ 21. Kxf1 Re8 22. Rd7 Bd5 23. Bb5 Rf8+ 24. Ke2 c4 25. Rxa7 Rf5 26. Rc7 Rxe5 27. Bxc4 Rg5 28. g4 h5 29. gxh5 Rxh5 30. a4 Rxh3 31. b3 Rxc3 32. Kd2 Rg3 33. Rc8+ Kf7 34. Rb8 Bxc4 35. bxc4 Ra3 36. Rxb6 Rxa4 37. c5 Rc4 38. c6 Kf6 39. Ke3 g5 0-1

[Event "North American Blitz op 30th"]
[Site "ICC INT"]
[Date "2020.12.31"]
[Round "9"]
[White "Campbell, Charles"]
[Black "Gutla, Aryan"]
[Result "1/2-1/2"]
[WhiteElo "2179"]
[BlackElo "1910"]
[PlyCount "190"]
[EventDate "2020.12.31"]
[EventType "swiss (blitz)"]
[EventRounds "11"]
[EventCountry "USA"]
[SourceTitle "CBM 200 Extra"]
[Source "ChessBase"]
[SourceDate "2021.03.31"]
[SourceVersion "1"]
[SourceVersionDate "2021.03.31"]
[SourceQuality "1"]

1. d4 Nf6 2. Nf3 g6 3. c4 Bg7 4. g3 0-0 5. Bg2 d6 6. 0-0 Nc6 7. Nc3 a6 8. h3 Rb8 9. e4 b5 10. e5 dxe5 11. dxe5 Qxd1 12. Rxd1 Nd7 13. e6 fxe6 14. Ng5 Nd4 15. cxb5 axb5 16. Be3 Nc2 17. Nxe6 Nxa1 18. Nxf8 Nxf8 19. Rxa1 b4 20. Nd5 Kf7 21. Rc1 Be6 22. Nxc7 Bxb2 23. Rc2 Bc3 24. Nxe6 Nxe6 25. f4 Kf6 26. Kf2 Nd4 27. Bxd4+ Bxd4+ 28. Ke2 Bc3 29. Bd5 e6 30. Bb3 e5 31. fxe5+ Kxe5 32. Kf3 Kd4 33. Re2 Rf8+ 34. Kg2 Rf6 35. Bg8 h5 36. Bb3 Kd3 37. Re6 Rxe6 38. Bxe6 g5 39. Kf3 Be1 40. Bf7 h4 41. gxh4 Bxh4 42. Bg6+ Kc3 43. Bf7 Kb2 44. Ke4 Be1 45. Kd3 Ka3 46. Bb3 Bh4 47. Ke2 Bg3 48. Kf3 Bh4 49. Kg4 Kb2 50. Bf7 Ka3 51. Kf5 Kb2 52. Be6 Ka3 53. Ke4 Kb2 54. Kd4 Ka3 55. Kc4 Bf2 56. Kd3 Bh4 57. Kc2 Bg3 58. Kd2 Bh4 59. Ke2 Bg3 60. Kf3 Bh4 61. Ke4 Be1 62. Kf5 Bd2 63. Kg4 Bc1 64. Kg3 Kb2 65. Kf3 Ka3 66. Ke2 Kb2 67. Kd1 Bf4 68. Ke2 Ka3 69. Kf3 Bc1 70. Kg3 Kb2 71. Kg4 Ka3 72. Kf3 Kb2 73. Kf2 Ka3 74. Ke2 Kb2 75. Kd1 Bf4 76. Ke2 Ka3 77. Kd3 Bc1 78. Ke4 Bd2 79. Kf5 Bc1 80. Kg4 Bd2 81. Kf3 Bc1 82. Bd5 Bd2 83. Bf7 Bc1 84. Bg8 Bd2 85. Kg4 Bc1 86. Be6 Bd2 87. h4 gxh4 88. Kxh4 Bc3 89. Kg4 Bb2 90. Kf3 Bc3 91. Ke4 Bb2 92. Kd3 Bc3 93. Kc2 Bb2 94. Bb3 Bc3 95. Kd3 Bb2 1/2-1/2

[Event "North American Blitz op 30th"]
[Site "ICC INT"]
[Date "2020.12.31"]
[Round "11"]
[White "Campbell, Charles"]
[Black "Ramanathan, Suraj"]
[Result "0-1"]
[WhiteElo "2179"]
[BlackElo "2066"]
[PlyCount "72"]
[EventDate "2020.12.31"]
[EventType "swiss (blitz)"]
[EventRounds "11"]
[EventCountry "USA"]
[SourceTitle "CBM 200 Extra"]
[Source "ChessBase"]
[SourceDate "2021.03.31"]
[SourceVersion "1"]
[SourceVersionDate "2021.03.31"]
[SourceQuality "1"]

1. d4 c5 2. d5 d6 3. c4 Nf6 4. Nc3 g6 5. Nf3 Bg7 6. g3 0-0 7. Bg2 a6 8. a4 e6 9. 0-0 exd5 10. cxd5 Re8 11. Nd2 Nbd7 12. h3 Rb8 13. Nc4 Ne5 14. Na3 b6 15. f4 Ned7 16. Nc4 Qc7 17. e4 b5 18. axb5 axb5 19. Nxd6 Qxd6 20. e5 Qb6 21. exf6 Nxf6 22. Kh2 Bb7 23. Re1 c4 24. Bd2 b4 25. Na4 Qd6 26. Rc1 Bxd5 27. Rxe8+ Rxe8 28. Be1 Qc6 29. Bxd5 Nxd5 30. Bf2 Ne3 31. Bxe3 Rxe3 32. Rxc4 Qxc4 33. Qd8+ Bf8 34. h4 Re2+ 35. Kh3 Qe6+ 36. g4 Qe3# 0-1

[Event "Titled Tuesday intern op 4th July"]
[Site "Chess.com INT"]
[Date "2017.07.04"]
[Round "10"]
[White "Campbell, Charles"]
[Black "Talyansky, Seth D"]
[Result "1-0"]
[WhiteElo "2192"]
[BlackElo "2202"]
[PlyCount "67"]
[EventDate "2017.07.04"]
[EventType "swiss (blitz)"]
[EventRounds "10"]
[EventCountry "USA"]
[SourceTitle "EXT 2021"]
[Source "ChessBase"]
[SourceDate "2020.10.23"]
[SourceVersion "1"]
[SourceVersionDate "2020.10.23"]
[SourceQuality "1"]

1. d4 d5 2. Nf3 Nf6 3. c4 c6 4. cxd5 cxd5 5. Nc3 Nc6 6. Bf4 Ne4 7. Qb3 Nxc3 8. bxc3 g6 9. e3 Bg7 10. Be2 0-0 11. 0-0 a6 12. a4 Na5 13. Qb4 Bf5 14. Ne5 Rc8 15. Rfc1 Bxe5 16. Bxe5 Rc6 17. c4 dxc4 18. Bxc4 Rxc4 19. Rxc4 Nxc4 20. Qxc4 Be6 21. Qb4 f6 22. Bf4 Bd5 23. Rc1 Qd7 24. h3 Bc6 25. a5 Qd5 26. f3 e5 27. Bh6 Re8 28. Rc5 Qd6 29. dxe5 Rxe5 30. Qc4+ Qe6 31. Qd4 Rd5 32. Rxd5 Bxd5 33. Qc5 Qc6 34. Qf8# 1-0

[Event "Titled Tuesday intern op 4th July"]
[Site "Chess.com INT"]
[Date "2017.07.04"]
[Round "1"]
[White "Leiva Rodriguez, Jeammarco Giuseppe"]
[Black "Campbell, Charles"]
[Result "0-1"]
[WhiteElo "2445"]
[BlackElo "2192"]
[PlyCount "144"]
[EventDate "2017.07.04"]
[EventType "swiss (blitz)"]
[EventRounds "10"]
[EventCountry "USA"]
[SourceTitle "EXT 2021"]
[Source "ChessBase"]
[SourceDate "2020.10.23"]
[SourceVersion "1"]
[SourceVersionDate "2020.10.23"]
[SourceQuality "1"]

1. d4 Nf6 2. c4 e6 3. g3 d5 4. Nf3 c6 5. Bg2 Bd6 6. 0-0 Nbd7 7. Nc3 0-0 8. Nd2 Bb4 9. e4 Bxc3 10. bxc3 Nxe4 11. Nxe4 dxe4 12. Bxe4 Nf6 13. Bf3 Re8 14. Re1 Bd7 15. Ba3 b6 16. Bd6 h6 17. a4 Qc8 18. a5 Qb7 19. a6 Qc8 20. Kg2 Qd8 21. Qd2 Rc8 22. c5 b5 23. c4 bxc4 24. Qb4 Nd5 25. Qxc4 Qf6 26. Rab1 e5 27. Bxe5 Bh3+ 28. Kxh3 Qxf3 29. Rb3 Qf5+ 30. Kg2 f6 31. Rb7 fxe5 32. dxe5 Rxe5 33. Rxe5 Qxe5 34. Qg4 Rc7 35. Rxc7 Qxc7 36. Qe6+ Kh7 37. h4 g6 38. h5 gxh5 39. Qf5+ Kg7 40. Qxh5 Qf7 41. Qe5+ Kg6 42. Qe4+ Qf5 43. Qe8+ Qf7 44. Qxc6+ Nf6 45. Qb7 Qd5+ 46. Kg1 Qxc5 47. Qb1+ Kf7 48. Qb7+ Ke6 49. Qf3 Qc1+ 50. Kg2 Qc5 51. Qe2+ Qe5 52. Qd2 Qd5+ 53. Qxd5+ Nxd5 54. Kf3 Nc7 55. Kg4 Kf6 56. Kh5 Kg7 57. f4 Nxa6 58. f5 Nc5 59. f6+ Kxf6 60. g4 Ne4 61. Kh4 a5 62. Kh5 a4 63. Kh4 a3 64. g5+ hxg5+ 65. Kg4 a2 66. Kf3 Ke5 67. Ke3 a1Q 68. Kd3 Qc3+ 69. Ke2 Kf4 70. Kf1 Qd2 71. Kg1 Qf2+ 72. Kh1 Ng3# 0-1

[Event "Titled Tuesday intern op 4th July"]
[Site "Chess.com INT"]
[Date "2017.07.04"]
[Round "5"]
[White "Lombaers, Peter"]
[Black "Campbell, Charles"]
[Result "1-0"]
[WhiteElo "2327"]
[BlackElo "2192"]
[PlyCount "99"]
[EventDate "2017.07.04"]
[EventType "swiss (blitz)"]
[EventRounds "10"]
[EventCountry "USA"]
[SourceTitle "EXT 2021"]
[Source "ChessBase"]
[SourceDate "2020.10.23"]
[SourceVersion "1"]
[SourceVersionDate "2020.10.23"]
[SourceQuality "1"]

1. d4 Nf6 2. c4 e6 3. Nc3 Bb4 4. e3 0-0 5. Bd3 b6 6. Nge2 Bb7 7. a3 Bxc3+ 8. Nxc3 d6 9. 0-0 Nbd7 10. b4 Qe7 11. Qc2 e5 12. d5 Rfe8 13. Bb2 c6 14. dxc6 Bxc6 15. Rfd1 Rac8 16. Bf1 Red8 17. Rd2 Nf8 18. Rad1 Ne6 19. Qb1 a6 20. Nd5 Bxd5 21. cxd5 Nc7 22. e4 a5 23. Rc1 Nd7 24. Rdc2 Nb8 25. bxa5 bxa5 26. Bc3 Nca6 27. Bxa5 Rxc2 28. Qxc2 Re8 29. Bb5 Rf8 30. Bb4 Rd8 31. Bc6 Qc7 32. Qc3 Nxb4 33. axb4 Qb6 34. b5 Rc8 35. Ra1 Nd7 36. Bxd7 Rd8 37. Bc6 h6 38. Ra6 Qc7 39. b6 Qe7 40. b7 Qh4 41. Ra8 Qxe4 42. Rxd8+ Kh7 43. b8Q Qe2 44. Rh8+ Kg6 45. Qg3+ Kf6 46. Qd8+ Kf5 47. Bd7+ Ke4 48. Qdh4+ Kxd5 49. Qb3+ Kc5 50. Rc8# 1-0

[Event "Titled Tuesday intern op 7th June"]
[Site "Chess.com INT"]
[Date "2016.06.07"]
[Round "4"]
[White "Campbell, Charles"]
[Black "Kholin, Aleksandr1111"]
[Result "0-1"]
[WhiteElo "2144"]
[BlackElo "2330"]
[PlyCount "72"]
[EventDate "2016.06.07"]
[EventType "swiss (blitz)"]
[EventRounds "9"]
[EventCountry "USA"]
[SourceTitle "EXT 2021"]
[Source "ChessBase"]
[SourceDate "2020.10.23"]
[SourceVersion "1"]
[SourceVersionDate "2020.10.23"]
[SourceQuality "1"]

1. d4 Nf6 2. c4 e6 3. Nf3 Bb4+ 4. Bd2 a5 5. Nc3 d5 6. e3 0-0 7. Bd3 b6 8. 0-0 Bb7 9. a3 Be7 10. Rc1 Nbd7 11. cxd5 exd5 12. Nb5 c6 13. Nc3 Bd6 14. e4 dxe4 15. Nxe4 Bc7 16. Re1 Qb8 17. Bg5 Nd5 18. Bh4 Bf4 19. Bg3 Bxg3 20. hxg3 N7f6 21. Ne5 Nxe4 22. Bxe4 Qd6 23. Qf3 Rac8 24. Bxd5 cxd5 25. Qf5 f6 26. Qd7 Qxd7 27. Nxd7 Rfe8 28. Nxb6 Rxc1 29. Rxc1 Re2 30. Rc7 Ba6 31. Ra7 Bd3 32. Nxd5 Rxb2 33. Rxa5 Rb1+ 34. Kh2 Rb2 35. Nf4 Be4 36. Kg1 Rb1+ 0-1

[Event "Titled Tuesday intern op 3rd May"]
[Site "Chess.com INT"]
[Date "2016.05.03"]
[Round "6"]
[White "Makarenko, Alexandra"]
[Black "Campbell, Charles"]
[Result "1-0"]
[WhiteElo "2269"]
[BlackElo "2144"]
[PlyCount "129"]
[EventDate "2016.05.03"]
[EventType "swiss (blitz)"]
[EventRounds "9"]
[EventCountry "USA"]
[SourceTitle "EXT 2021"]
[Source "ChessBase"]
[SourceDate "2020.10.23"]
[SourceVersion "1"]
[SourceVersionDate "2020.10.23"]
[SourceQuality "1"]

1. e4 c6 2. d4 d5 3. Nc3 dxe4 4. Nxe4 Bf5 5. Ng3 Bg6 6. h4 h6 7. h5 Bh7 8. Nf3 Nd7 9. Bd3 Bxd3 10. Qxd3 Qc7 11. Bd2 e6 12. 0-0-0 Ngf6 13. Ne4 0-0-0 14. g3 Nc5 15. Nxc5 Bxc5 16. c4 Bd6 17. Bc3 Rhe8 18. Qc2 c5 19. d5 e5 20. Nh4 Qd7 21. Nf5 Bf8 22. Rde1 e4 23. Bxf6 gxf6 24. g4 Re5 25. Rxe4 Rxe4 26. Qxe4 Re8 27. Qc2 Re5 28. Rd1 Kd8 29. a3 Qe8 30. Qd2 b6 31. d6 Re2 32. Qd5 Qe4 33. Qxe4 Rxe4 34. Ne3 Kd7 35. Kc2 Bxd6 36. Nf5 Re6 37. Nxh6 Ke8 38. Nf5 Bf4 39. Ng7+ Ke7 40. Nxe6 fxe6 41. Kd3 f5 42. gxf5 exf5 43. Rh1 Bh6 44. Rg1 Kf7 45. Rg6 Bg7 46. b3 Bd4 47. f3 Bb2 48. a4 Bd4 49. Rc6 Kg7 50. Ke2 Bc3 51. Kf1 Bd2 52. Kg2 Be3 53. Kh3 Bd2 54. Kh4 Be3 55. h6+ Bxh6 56. Kh5 Bd2 57. Rc7+ Kf6 58. Rxa7 Ke5 59. Rb7 Ba5 60. Kg5 Bd2+ 61. Kg6 Ba5 62. Rf7 f4 63. Rd7 Bc3 64. Kf7 Ba5 65. Rd5# 1-0

[Event "Gibraltar Masters 14th"]
[Site "Caleta"]
[Date "2016.02.04"]
[Round "10"]
[White "Henrichsen, Jens"]
[Black "Campbell, Charles"]
[Result "0-1"]
[WhiteElo "2012"]
[BlackElo "2157"]
[PlyCount "114"]
[EventDate "2016.01.26"]
[EventType "swiss"]
[EventRounds "10"]
[EventCountry "GGB"]
[SourceTitle "CBM 171"]
[Source "ChessBase"]
[SourceDate "2016.03.14"]
[SourceVersion "2"]
[SourceVersionDate "2016.03.14"]
[SourceQuality "1"]

1. d4 Nf6 2. c4 e6 3. Nf3 Bb4+ 4. Nbd2 b6 5. g3 Bb7 6. Bg2 Bxd2+ 7. Bxd2 0-0 8. 0-0 d6 9. Qc2 Be4 10. Qc1 Nbd7 11. Ne1 Bxg2 12. Nxg2 c5 13. dxc5 Nxc5 14. f3 Rc8 15. Bg5 h6 16. Bxf6 Qxf6 17. Qd2 Rfd8 18. e4 Rd7 19. Rad1 Rcd8 20. Ne3 Kf8 21. Kg2 h5 22. Qd4 Qg6 23. h4 a5 24. b3 Kg8 25. Kh2 Kf8 26. Qd2 Qf6 27. Qd4 Ke7 28. Qxf6+ gxf6 29. Rd2 Rg8 30. Rfd1 Rc8 31. Ng2 a4 32. Rb1 axb3 33. axb3 Ra7 34. Nf4 Rh8 35. b4 Nb7 36. Rbb2 Ra4 37. Nd3 Rc8 38. Rdc2 Ra3 39. Nf4 Rxf3 40. Nxh5 Re3 41. Rf2 Rxe4 42. Nxf6 Rexc4 43. Nh7 f5 44. Ng5 Kf6 45. Rbe2 e5 46. Ne4+ Rxe4 47. Rxe4 d5 48. Ree2 Nd6 49. Rc2 Nc4 50. Rf1 Rg8 51. Ra1 e4 52. Ra6 Ke5 53. Kh3 Kd4 54. Rf2 Ke5 55. Rc2 e3 56. Raa2 b5 57. h5 d4 0-1

[Event "Gibraltar Masters 14th"]
[Site "Caleta"]
[Date "2016.01.29"]
[Round "4"]
[White "Campbell, Charles"]
[Black "Houska, Jovanka"]
[Result "0-1"]
[WhiteElo "2157"]
[BlackElo "2402"]
[PlyCount "108"]
[EventDate "2016.01.26"]
[EventType "swiss"]
[EventRounds "10"]
[EventCountry "GGB"]
[SourceTitle "CBM 171"]
[Source "ChessBase"]
[SourceDate "2016.03.14"]
[SourceVersion "2"]
[SourceVersionDate "2016.03.14"]
[SourceQuality "1"]

1. d4 d5 2. c4 e6 3. Nc3 Nf6 4. Bg5 Be7 5. e3 Nbd7 6. cxd5 exd5 7. Bd3 0-0 8. Nf3 c6 9. Qc2 Re8 10. 0-0 Nf8 11. Ne5 Ng4 12. Bxe7 Qxe7 13. Nf3 Be6 14. Rab1 a5 15. a3 g6 16. b4 axb4 17. axb4 b5 18. Ne2 Rec8 19. Nf4 Nd7 20. h3 Nh6 21. Rfe1 Bf5 22. e4 dxe4 23. Bxe4 Qd6 24. Nd3 Nf6 25. Bxf5 Nxf5 26. Qc5 Ra3 27. Nde5 Qxc5 28. dxc5 Nd5 29. Rb2 f6 30. Ng4 h5 31. Ngh2 g5 32. g4 hxg4 33. hxg4 Nfe7 34. Nd4 Kf7 35. Rbe2 Rca8 36. Nc2 Rc3 37. Nf1 Ng6 38. Nfe3 Ndf4 39. Rd2 Ne5 40. Nd4 Rd8 41. Nef5 Rd7 42. Ra2 Rd3 43. Rxe5 fxe5 44. Nxc6 Rd1+ 45. Kh2 Kf6 46. Ra7 R7d2 47. Ne3 Re1 48. Ra6 Rxe3 49. Nd4+ Kf7 50. Ra7+ Ke8 51. Ra8+ Kd7 52. c6+ Kc7 53. Ra7+ Kb8 54. Nxb5 Rh3+ 0-1

[Event "Gibraltar Masters 14th"]
[Site "Caleta"]
[Date "2016.01.27"]
[Round "2"]
[White "Campbell, Charles"]
[Black "Joachim, Rodny"]
[Result "1-0"]
[WhiteElo "2157"]
[BlackElo "1659"]
[PlyCount "113"]
[EventDate "2016.01.26"]
[EventType "swiss"]
[EventRounds "10"]
[EventCountry "GGB"]
[SourceTitle "CBM 171"]
[Source "ChessBase"]
[SourceDate "2016.03.14"]
[SourceVersion "2"]
[SourceVersionDate "2016.03.14"]
[SourceQuality "1"]

1. d4 d5 2. c4 c6 3. cxd5 cxd5 4. Nf3 Nf6 5. Nc3 Nc6 6. Bf4 e6 7. e3 Bd6 8. Bxd6 Qxd6 9. Bd3 0-0 10. 0-0 Re8 11. Rc1 a6 12. Na4 e5 13. dxe5 Nxe5 14. Be2 Bg4 15. Nc3 Rac8 16. Nxe5 Bxe2 17. Nxf7 Kxf7 18. Qxe2 d4 19. Qd3 Qb4 20. exd4 Qxb2 21. Rc2 Qa3 22. Qd2 Rc4 23. Nb1 Rxc2 24. Qxc2 Qe7 25. Qb3+ Kf8 26. Nd2 Ne4 27. Nxe4 Qxe4 28. d5 b5 29. h3 Qc4 30. Qa3+ Kg8 31. Qxa6 Qxd5 32. Rc1 Qd2 33. Rf1 Re2 34. Qxb5 Qxa2 35. Qc5 Rc2 36. Qf5 g6 37. Qf6 Qb2 38. Qe6+ Kg7 39. Qe7+ Kg8 40. Rd1 Rc1 41. Qe1 Rxd1 42. Qxd1 Qe5 43. Qd2 Qa1+ 44. Kh2 Qe5+ 45. f4 Qc7 46. Kg3 Qf7 47. Qd6 h6 48. Qe5 Kh7 49. Kh2 h5 50. Kg3 Kh6 51. Qh8+ Qh7 52. Qxh7+ Kxh7 53. Kh4 Kh6 54. g3 Kg7 55. Kg5 Kf7 56. h4 Kg7 57. f5 1-0